000 00585nam a2200229Ia 4500
003 OSt
005 20220924133812.0
006 a|||||r|||| 00| 0
007 ta
008 220923b |||||||| |||| 00| 0 snd d
024 _a269009
037 _cTextual
040 _aARTS
_cARTS
_bsnd
041 _2snd
_asnd
082 _aO1593m, G6
100 _aPherwani
_9207396
245 0 _aRaj shree deewan dayaram godumal jo mauhtasar jeewan charitra
260 _c1936
300 _a46p.
_ccm.
942 _hO1593m, G6
_cTEXL
_2CC
999 _c435286
_d435286